000 00302nam a2200121Ia 4500
008 220204s9999 xx 000 0 und d
082 _a331.446
_bGUP
100 _aGUPTA, H C
245 0 _aEconomics for trade and unionists
260 _aCalcutta
_bMinerva
_c1976
650 _aTrade unions
942 _cBK
999 _c28339
_d28339